000 00947nam a2200265 i 4500
001 bg
245 0 0 _aWymiarowanie jednostopniowych oczyszczalni ścieków z osadem czynnym :
_bwytyczna ATV-DVWK - A131P ;
_ctł. na pol. Agnieszka Nieścier].
246 _iTyt. oryg.:
_aA 131. Benessung von ein einstufigen Belebungsanlagen
260 _aWarszawa :
_bWydaw. Seidel Przywecki,
_c2000.
300 _a50 s. ;
_c24 cm.
490 1 _aNiemiecki zbiór reguł ATV-DVWK
500 _aTyt. oryg.: "A 131. Benessung von ein einstufigen Belebungsanlagen".
504 _aBibliogr. s. 47.
650 9 _aOczyszczalnia ścieków
_xbudowa i konstrukcje
_zNiemcy
650 9 _aOsad czynny
655 _aInstrukcje
830 _aNiemiecki zbiór reguł ATV-DVWK
020 _a3933707412
040 _cBPK
041 1 _apl
_hde
080 _a628.3(430)(083.133)
920 _a3-933707-41-2
942 _cKA
008 s pl f |000 0 pol
999 _c35008
_d35008
856 _uhttp://koha.tu.koszalin.pl/cgi-bin/koha/opac-detail.pl?biblionumber=35008
_yKatalog online BPK